Statistics for Elder Scrolls Online: Races and Classes

Click here to take the quiz!

General Stats

  • This quiz has been taken 176 times
  • The average score is 10 of 16

Answer Stats

RaceAnswer% Correct
Ebonheart PactDunmer
93%
Aldmeri DominionAltmer
87%
Aldmeri DominionBosmer
87%
Ebonheart PactNord
87%
Daggerfall CovenantOrc
82%
Aldmeri DominionKhajiit
79%
Ebonheart PactArgonian
77%
OtherImperial
75%
Daggerfall CovenantBreton
74%
Daggerfall CovenantRedguard
74%
Sorcerer
32%
Necromancer
26%
Templar
24%
Dragonknight
23%
Nightblade
23%
Warden
22%

Score Distribution

Percentile by Number Answered

Percent of People with Each Score

Your Score History

You have not taken this quiz